00438nam a2200169Ia 4500003000400000005001700004008004100021020001800062040000700080041000800087082001300095100002700108245006300135260004000198300001600238365001400254OSt20220610094738.0210423s2008 xx 000 0 und d a9788126517350 cAL aeng a543 CHAN aCHAPMAN (Norman B),Ed. aAnalytical chemistry by open learning: clinical specimens. aChichesterbJohn Wiley & Sonsc2008 axvi,121bPB b1177cINR